| 000 | 00342nam a22001337a 4500 | ||
|---|---|---|---|
| 008 | 170928b xxu||||| |||| 00| 0 eng d | ||
| 020 | _a9780803615670 | ||
| 041 | _aeng | ||
| 080 | _a37 | ||
| 100 | _a47 | ||
| 101 | _aEDU | ||
| 245 |
_aCONCEPT MAPING A CRITICAL THINKING APPROACH TO CARE PLANNING _cSCHUSTER.P.M |
||
| 942 |
_2udc _cBK |
||
| 999 |
_c30517 _d30517 |
||